000 00716nam a2200241 a 4500
008
020 _a077473096X (hbk.)
049 _aMAIN
090 _aHF5635
_bPRI
245 0 0 _aPrinciples of accounting /
_cPaul H. Walgenbach ... [et al.]
250 _aCanadian edition.
260 _aToronto :
_bHarcourt Brace Jovanovich, Canada,
_c1988.
300 _axx, 1105 p. :
_bill. ;
_c24 cm.
504 _aIncludes bibliographical references.
500 _aIncludes index.
650 0 _aAccounting.
700 1 _aWalgenbach, Paul Henry
907 _a.b10054224
_b20-03-14
_c17-04-03
003
005 20230120145419.0
040 _cNUST
942 _cBOOKS
_kHF5635
_mPRI
999 _c97959
_d97959